Zmeny zákona o dani z príjmov ...

Zmeny zákona o dani z príjmov vykonané zákonmi č. 168/2008 Z.z., č. 465/2008 Z.z., č. 514/2008 Z.z., č. 563/2008 Z.z. a č. 567/2008 Z.z. Príspevok vychádza z vlastného názoru autorov, nie je záväzným výkladom uvedených zákonov.

Enregistré dans:
Détails bibliographiques
Auteur principal: Faiglová, Svetlana
Autres auteurs: Pohlod, Ján
Format: Chapitre de livre
Langue:slovaque
Sujets:
Tags: Ajouter un tag
Pas de tags, Soyez le premier à ajouter un tag!

MARC

LEADER 00000naa$a2200000$$$4500
001 0091257
005 20231114100457.4
041 0 |a slo 
044 |a SK 
245 1 0 |a Zmeny zákona o dani z príjmov ...  |c Svetlana Faiglová, Ján Pohlod 
520 |a Zmeny zákona o dani z príjmov vykonané zákonmi č. 168/2008 Z.z., č. 465/2008 Z.z., č. 514/2008 Z.z., č. 563/2008 Z.z. a č. 567/2008 Z.z. Príspevok vychádza z vlastného názoru autorov, nie je záväzným výkladom uvedených zákonov. 
610 2 0 |a dane z príjmov 
610 2 0 |a zákony 
610 2 0 |a novelizácia 
610 2 0 |a 2008 
100 1 |a Faiglová, Svetlana 
700 1 |a Pohlod, Ján